000 003090000a22001450004500
003 MACL
040 _aMACL
090 _c38677
_d38675
100 _aHavell, E B
245 _aThe Ideals of Indian Art
260 _bJohn Murray
_c1911
650 _aFine Art
942 _cBOOK
_k700/HAV
951 _o700/HAV BOOK
999 _c38261
_d38261